Verifikácia vybraných predikčných metód na vzorke Slovenských podnikov

Podnikateľské subjekty sa počas svojej existencie dostávajú do rôznych krízových situácií, ktoré v prípade ich neriešenia môžu predstavovať ohrozenie životaschopnosti podniku a v konečnom dôsledku môžu viesť až k ukončeniu jeho podnikateľskej činnosti. Z analýzy konkurzov od spoločnosti CRIF – Slova...

Descripción completa

Guardado en:
Detalles Bibliográficos
Autor principal: Gundová, Petra
Formato: Capítulo de libro
Lenguaje:eslovaco
Materias:
Etiquetas: Agregar Etiqueta
Sin Etiquetas, Sea el primero en etiquetar este registro!

MARC

LEADER 00000naa a2200000 4500
001 0200141
005 20231128131922.2
041 0 |a slo 
044 |a CZ 
245 1 0 |a Verifikácia vybraných predikčných metód na vzorke Slovenských podnikov  |c Petra Gundová 
520 |a Podnikateľské subjekty sa počas svojej existencie dostávajú do rôznych krízových situácií, ktoré v prípade ich neriešenia môžu predstavovať ohrozenie životaschopnosti podniku a v konečnom dôsledku môžu viesť až k ukončeniu jeho podnikateľskej činnosti. Z analýzy konkurzov od spoločnosti CRIF – Slovak Credit Bureau, s.r.o. vyplýva, že v roku 2012 na Slovensku zbankrotovalo 362 podnikateľských subjektov, pričom konkurzmi najviac postihnuté sektory podľa klasifikácie SK NACE boli G - Veľkoobchod a maloobchod, oprava motorových vozidiel a motocyklov, C - Priemyselná výroba a F - Stavebníctvo. Teoretické východiská predikčných metód. 
610 2 0 |a Slovensko 
610 2 0 |a podnikatelia 
610 2 0 |a analýza finančná 
610 2 0 |a predvídanie 
610 2 0 |a ukazovatele finančné 
100 1 |a Gundová, Petra